<?xml version="1.0" encoding="UTF-8"?>
<record
    xmlns:xsi="http://www.w3.org/2001/XMLSchema-instance"
    xsi:schemaLocation="http://www.loc.gov/MARC21/slim http://www.loc.gov/standards/marcxml/schema/MARC21slim.xsd"
    xmlns="http://www.loc.gov/MARC21/slim">

  <leader>00634nam a2200157   4500</leader>
  <controlfield tag="008">220302b        |||||||| |||| 00| 0 eng d</controlfield>
  <datafield tag="050" ind1=" " ind2=" ">
    <subfield code="a">BS 1505</subfield>
    <subfield code="b">.K58 1914</subfield>
  </datafield>
  <datafield tag="100" ind1=" " ind2=" ">
    <subfield code="a"> 	Albert C Knudson</subfield>
  </datafield>
  <datafield tag="245" ind1=" " ind2=" ">
    <subfield code="a">The beacon lights of prophecy : </subfield>
    <subfield code="b">an interpretation of Amos, Hosea, Isaiah, Jeremiah, Ezekiel and Deutero-Isaiah</subfield>
    <subfield code="c">Knudson  Albert C. </subfield>
  </datafield>
  <datafield tag="260" ind1=" " ind2=" ">
    <subfield code="a">New York : </subfield>
    <subfield code="b">Methodist Book Concern,</subfield>
    <subfield code="c"> &#xA9;1914.</subfield>
  </datafield>
  <datafield tag="300" ind1=" " ind2=" ">
    <subfield code="a">xii, 281 p. ; </subfield>
    <subfield code="c">20 cm</subfield>
  </datafield>
  <datafield tag="500" ind1=" " ind2=" ">
    <subfield code="a">Includes index</subfield>
  </datafield>
  <datafield tag="650" ind1=" " ind2=" ">
    <subfield code="a">Bible. -- Prophets -- Criticism, interpretation, etc.</subfield>
  </datafield>
  <datafield tag="650" ind1=" " ind2=" ">
    <subfield code="a">Bible. -- Prophets.</subfield>
  </datafield>
  <datafield tag="942" ind1=" " ind2=" ">
    <subfield code="2">lcc</subfield>
    <subfield code="h">BS 1505 .K58 1914</subfield>
    <subfield code="c">REF_BOOK</subfield>
  </datafield>
  <datafield tag="999" ind1=" " ind2=" ">
    <subfield code="c">31339</subfield>
    <subfield code="d">31339</subfield>
  </datafield>
  <datafield tag="952" ind1=" " ind2=" ">
    <subfield code="0">0</subfield>
    <subfield code="1">0</subfield>
    <subfield code="2">lcc</subfield>
    <subfield code="4">0</subfield>
    <subfield code="7">0</subfield>
    <subfield code="a">MUC</subfield>
    <subfield code="b">MUC</subfield>
    <subfield code="c">REF</subfield>
    <subfield code="d">2022-03-02</subfield>
    <subfield code="e">Donation- Damaris Kimanzi</subfield>
    <subfield code="g">5259.00</subfield>
    <subfield code="l">0</subfield>
    <subfield code="o">BS 1505 .K58 1914</subfield>
    <subfield code="p">23708</subfield>
    <subfield code="r">2022-03-02</subfield>
    <subfield code="w">2022-03-02</subfield>
    <subfield code="y">REF_BOOK</subfield>
  </datafield>
</record>
